| 000 | 00458nam a2200169Ia 4500 | ||
|---|---|---|---|
| 008 | 220531s9999 xx 000 0 und d | ||
| 041 | _aeng | ||
| 082 | _bLAM / SOL | ||
| 100 |
_aLamba, P. S. / Solanki, S. S. _939769 |
||
| 245 | _aImpact Of Urbanisation And Industrialization On Rural Society | ||
| 260 |
_bWiley _c1995 |
||
| 300 | _a187 | ||
| 542 | _d31-07-1998 | ||
| 650 |
_aSociology _939770 |
||
| 906 |
_d1998-1999 _f6611 |
||
| 999 |
_c23959 _d23959 |
||